Developing executive talent (Record no. 63476)

MARC details
000 -LEADER
fixed length control field 00676nam a2200157 a 4500
008 - FIXED-LENGTH DATA ELEMENTS--GENERAL INFORMATION
fixed length control field 120416s1975 ||||||||||||||||| || u
050 ## - LIBRARY OF CONGRESS CALL NUMBER
Classification number HF 5549.5.T7 Far
100 ## - MAIN ENTRY--PERSONAL NAME
Personal name Farnsworth, Terry
245 10 - TITLE STATEMENT
Title Developing executive talent
246 ## -
-- a practical guide
260 ## - PUBLICATION, DISTRIBUTION, ETC.
Place of publication, distribution, etc. London
Name of publisher, distributor, etc. McGraw-Hill
Date of publication, distribution, etc. 1975
300 ## - PHYSICAL DESCRIPTION
Extent ix, 161p.
350 ## -
-- 0.00
995 ## -
-- MAIN LIBRARY OPEN ACCESS
-- 0.00
-- 005387
-- CBU-MAIN LIBRARY (Kitwe)
-- 1
-- 0.00
-- HF 5549.5.T7 Far
-- 1
-- AVAILABLE
-- 005387
-- Main Library Open Access Collection
995 ## -
-- MAIN LIBRARY OPEN ACCESS
-- 0.00
-- 703046
-- CBU-MAIN LIBRARY (Kitwe)
-- 2
-- 0.00
-- HF 5549.5.T7 Far
-- 2
-- AVAILABLE
-- 005388
-- Main Library Open Access Collection
999 ## -
-- 63476
-- 63476
Holdings
Withdrawn status Lost status Source of classification or shelving scheme Damaged status Not for loan Permanent Location Current Location Shelving location Date acquired Total Checkouts Full call number Barcode Date last seen Price effective from Koha item type
          CBU-MAIN LIBRARY, KITWE. CBU-MAIN LIBRARY, KITWE.   12/24/2022   HF 5549.5.T7 Far 005387 12/24/2022 12/24/2022 MONOGRAPH
          CBU-MAIN LIBRARY, KITWE. CBU-MAIN LIBRARY, KITWE.   12/24/2022   HF 5549.5.T7 Far 005388 12/24/2022 12/24/2022 MONOGRAPH